000 00825cam a22001935a 4500
001 L149828
008 100430e2010 xxk 000 0 eng d
035 _a(Sirsi) u149828
041 0 _aeng
100 1 _aBoley, James
245 0 0 _aLondon bucks UK office trend
_boffice construction has taken a knock across the country, but a brighter outlook is on the horizon
260 _c2010
490 _aConstruction News
_v7164 22 April 2010, 32-34(3)
520 _aTop 30 office construction projects across the UK by value showing location, project stage and client; the recession has affected office construction severely; quick summary of office projects in London, The North and Midlands, and the future.
590 _aKA
651 4 _aUnited Kingdom
_y
690 _aBUILT ENVIRONMENT - CONSTRUCTION MARKET
942 _n0
999 _c82288
_d82288